Responses for show #7425 - Friday, December 16, 2016

Cindy Stowell game 4.

Contestants

Michael Rollins, a corporate controller from Frisco, Texas

Erin Williams, an attorney from St. Louis, Missouri

Cindy Stowell, a science content developer from Austin, Texas (whose 3-day cash winnings total $39,600)

Jeopardy! Round responses

OPPOSITES
SONGS ON TV
UNUSUAL ATTRACTIONS
DECEMBER HOLIDAYS
GASOLINE
FILL "E_R" UP
(Alex: Each correct response will begin with an "E", and end with the letter R.)
    $200 14
(Michael: What are comedy and drama?)
(Alex: Yep. No, we won't accept that. Sorry.)

comedy & tragedy

ErinMichael
    $200 1
"The Flintstones"

Cindy!
    $200 22
a ghost town

Cindy!
    $200 12
Yule

Erin
    $200 11
miles per gallon

Erin
    $200 4
an error

Cindy!
    $400 15
miser

Erin
    $400 2
Journey

Cindy!
    $400 27
mermaids

Erin
    $400 13
Maccabee (or Makabi)

Triple Stumper
    $400 23
a refinery

Michael
    $400 7
eager

Erin
    $600 16
horizontal & vertical

Cindy!
    $600 3
Glee

Michael
    $600 28
(Alex: His name--you're too young to have seen it--[*].)

Bobby Riggs

Triple Stumper
    $1,200 19
(Erin: What is the 1930s?)

the 1960s

Erin
    $600 24
Zoolander

Michael
    $600 8
an ember

Cindy!
    $800 17
opaque

Cindy!
    $800 5
Joe Cocker

Erin
    $800 29
(Erin: What is a geyser?)

a blowhole

Cindy!Erin
    $800 20
the Bodhi tree

Erin
    $800 25
knocking

Cindy!
    $800 9
an earthmover (an excavator accepted)

Cindy!
    $1000 18
waxing & waning

Erin
    $1000 6
Iggy Pop

Michael
    $1000 30
Carhenge

Michael
    $1000 21
succotash

Erin
    $1000 26
Texaco

Michael
    $1000 10
empower

Triple Stumper

Scores at the first commercial break (after clue 15):

Cindy! Erin Michael
$2,200 $2,200 $1,400

Scores at the end of the Jeopardy! Round:

Cindy! Erin Michael
$5,400 $3,400 $4,400

Double Jeopardy! Round responses

COUNTRIES' CURRENCIES
TRUST THE SCIENCE
WESTERN MOVIES
THE ABOLITIONIST MOVEMENT
NUMERIC WORDS & PHRASES
(Alex: In [*], each correct response will begin with a spelled number.)
WOMEN WHO WRITE
    $400 3
the franc

Cindy!
    $400 4
a comet

Michael
    $400 15
True Grit

Michael
    $400 26
John Brown

Michael
    $400 21
one-sided

Triple Stumper
    $400 1
Isabel Allende

Erin
    $800 5
Mao (Zedong)

Michael
    $800 8
the esophagus

Cindy!
    $800 17
Dances with Wolves

Cindy!
    $800 30
the Republican Party

Michael
    $800 22
a two-timer

Erin
    $800 2
Toni Morrison

Michael
    $1200 6
the lira

Michael
    $1200 9
(Alex: That would be [*]. That's why they use it.)

asbestos

Triple Stumper
    $1200 18
Calamity Jane

Triple Stumper
    $1200 29
the Quakers

Cindy!
    $3,000 23
(Alex: Erin?)
(Erin: What is... Lakers '89?)
(Alex: No. He trademarked a [*]. Pick again.)

a three-peat

Erin
    $3,000 12
(Erin: Who is Gloria Steinem?)

Ayn Rand

Erin
    $1600 7
Australia

Cindy!
    $1600 10
viscosity

Cindy!
    $1600 19
(Alex: Come back, [*]. Mom really likes you.)

Shane

Erin
    $1600 28
Sojourner Truth

Erin
    $1600 24
(Alex: That's it, with less than a minute now.)

a four-leaf clover

Cindy!
    $1600 13
the bell jar

Erin
    $2000 16
dinar

Michael
    $2000 11
power

Erin
    $2000 20
(Alex: Oddly because it was titled [*].)

Destry Rides Again

Triple Stumper
    $2000 27
William Lloyd Garrison

Triple Stumper
    $2000 25
a five-finger discount

Cindy!
    $2000 14
Louise Erdrich

Triple Stumper

Scores at the end of the Double Jeopardy! Round:

Cindy! Erin Michael
$15,400 $5,400 $11,200

[wagering suggestions for these scores]

Final Jeopardy! Round responses

WESTERN HEMISPHERE GEOGRAPHY
ErinWhat are Belize and Honduras El Salvador
$5,400
MichaelWhat are Belize + El Salvador?
$8,800
Cindy!What are El Salvador and Belize?
$7,001
Belize & El Salvador

Final scores:

Cindy! Erin Michael
$22,401 $10,800 $20,000
4-day champion: $62,001 3rd place: $1,000 2nd place: $2,000

Game dynamics:

Coryat scores:

Cindy! Erin Michael
$15,400 $12,600 $11,200
18 R,
0 W
16 R,
4 W
(including 3 DDs)
14 R,
1 W

Combined Coryat: $39,200

The J! Archive is created by fans, for fans. The Jeopardy! game show and all elements thereof, including but not limited to copyright and trademark thereto, are the property of Jeopardy Productions, Inc. and are protected under law. This website is not affiliated with, sponsored by, or operated by Jeopardy Productions, Inc. Join the discussion at JBoard.tv.